000 00354nam a2200133Ia 4500
008 151001s9999||||xx |||||||||||||| ||und||
100 _aसुमन भडभडे
245 _aजुईचे फुल
250 _a1
260 _bजयदीप प्रकाशन पुणे
260 _c1986
300 _a280
365 _b18
999 _c968878
_d968875